| 000 | 00498nam a2200217Ia 4500 | ||
|---|---|---|---|
| 003 | 0100 | ||
| 008 | 130303s9999 xx 000 0 und d | ||
| 040 | _cARRUPELIB | ||
| 050 | _aJC179.R88G54 1983 | ||
| 100 | _aGildin, Hilail | ||
| 245 | _aRousseau's Social contract | ||
| 245 | _bthe design of the argument | ||
| 260 | _aChicago IL | ||
| 260 | _bUniv. of Chicago Pr. | ||
| 260 | _C1983 | ||
| 300 | _a206p | ||
| 650 | _bEthics | ||
| 650 | _cRationalism | ||
| 650 | _dSelf | ||
| 942 | 0 | 0 | _03 |
| 999 |
_c24730 _d24730 |
||